00528nam a2200205Ia 4500003000400000005001700004008004100021020001500062040000700077041000800084082002300092100001900115245008200134250000600216260003200222300001500254365001400269650001800283650002100301OSt20230408104705.0210423s2007 xx 000 0 und d a1412914426 cAL aeng a303.482223b JANF aJANDT (Fred E) aIntroduction to intercultural communication: identities in a global community a5 aUKbSage Publicationsc2007 axx,444bPB b3523cINR aSocial Change aSocial Processes